| 000 | 00944cam a22003014a 4500 | ||
|---|---|---|---|
| 001 | 14313687 | ||
| 003 | OSt | ||
| 005 | 20140310181914.0 | ||
| 008 | 060324s2008 maua 000 0 eng | ||
| 010 | _a 2006044794 | ||
| 020 | _a0321449711 | ||
| 040 |
_aDLC _cDLC _dDLC |
||
| 042 | _apcc | ||
| 050 | 0 | 0 |
_aQA 135.6 _b.B43 2008 |
| 082 | 0 | 0 |
_aTR 372.7 _bB35 2008 |
| 100 | 1 |
_aBeckmann, Sybilla. _9230 |
|
| 245 | 1 | 0 |
_aMathematics for elementary teachers / _cSybilla Beckmann. |
| 250 | _a2nd ed. | ||
| 260 |
_aBoston : _bPearson Addison Wesley, _cc2008. |
||
| 300 |
_axxv, 885 p. : _bcol. ill. ; _c27 cm. |
||
| 521 | _aFaculty. | ||
| 541 | _j1 | ||
| 562 | _e1 | ||
| 650 | 0 |
_aMathematics _xStudy and teaching (Elementary) _9231 |
|
| 906 |
_a7 _bcbc _corignew _d1 _eocip _f20 _gy-gencatlg |
||
| 942 |
_2lcc _cBK-TR _kTR |
||
| 999 |
_c6652 _d6652 |
||